Mechanics of fibre composites / (Record no. 9098)
[ view plain ]
| 000 -LEADER | |
|---|---|
| fixed length control field | 00794nac a22002411u 4500 |
| 010 ## - LIBRARY OF CONGRESS CONTROL NUMBER | |
| LC control number | 77029117 |
| 020 ## - INTERNATIONAL STANDARD BOOK NUMBER | |
| International Standard Book Number | 0470992409 |
| 022 ## - INTERNATIONAL STANDARD SERIAL NUMBER | |
| International Standard Serial Number | 0852268602 |
| 082 00 - DEWEY DECIMAL CLASSIFICATION NUMBER | |
| Classification number | 620.11 |
| Item number | TEW |
| 090 ## - LOCALLY ASSIGNED LC-TYPE CALL NUMBER (OCLC); LOCAL CALL NUMBER (OCLC) | |
| -- | 9098 |
| -- | 9098 |
| 100 ## - MAIN ENTRY--PERSONAL NAME | |
| Personal name | Tewary, V. K. |
| 245 10 - TITLE STATEMENT | |
| Title | Mechanics of fibre composites / |
| Statement of responsibility, etc | V. K. Tewary. |
| 260 ## - PUBLICATION, DISTRIBUTION, ETC. (IMPRINT) | |
| Place of publication, distribution, etc | New Delhi : |
| Name of publisher, distributor, etc | Wiley,c1978. |
| Date of publication, distribution, etc | c1978. |
| 300 ## - PHYSICAL DESCRIPTION | |
| Extent | x, 288 p. : |
| Other physical details | ill. ; |
| Dimensions | 25 cm. |
| 500 ## - GENERAL NOTE | |
| General note | "A Halsted Press book." |
| 500 ## - GENERAL NOTE | |
| General note | Includes indexes. |
| 500 ## - GENERAL NOTE | |
| General note | Distributer: Al-Ahram. |
| 504 ## - BIBLIOGRAPHY, ETC. NOTE | |
| Bibliography, etc | Bibliography: p. [263]-278. |
| 511 ## - PARTICIPANT OR PERFORMER NOTE | |
| Participant or performer note | Catalogued By: Mahitab. |
| 650 #0 - SUBJECT ADDED ENTRY--TOPICAL TERM | |
| Topical term or geographic name as entry element | Fibrous composites. |
| 942 ## - ADDED ENTRY ELEMENTS (KOHA) | |
| Item type | Book - Borrowing |
| Call number prefix | 620.11TEW |
| Withdrawn status | Item status | Damaged status | Not for loan | Home library | Current library | Shelving location | Date acquired | Source of acquisition | Total Checkouts | Total Renewals | Full call number | Barcode | Date last seen | Date last borrowed | Koha item type |
|---|---|---|---|---|---|---|---|---|---|---|---|---|---|---|---|
| Central Library | Central Library | First floor | 08/04/2014 | Purchase | 2 | 14 | 620.11TEW | 000011010 | 15/07/2025 | 19/03/2015 | Book - Borrowing |